[Event "FIDE Chesscom Grand Swiss 2021"]
[Site "Riga"]
[Date "2021.10.29"]
[Round "3.8"]
[White "Gukesh D"]
[Black "Artemiev, Vladislav"]
[Result "1/2-1/2"]
[WhiteElo "2640"]
[BlackElo "2699"]
[Annotator "TA"]
[PlyCount "60"]
[EventDate "2021.10.27"]
[EventType "swiss"]
[EventCountry "LAT"]
[Tiebreak "Cut1 Buchholz+Sonneborn-Berger (Swiss)"]
[SourceTitle "playchess.com"]
[Source "ChessBase"]
[SourceQuality "1"]

{[%evp 16,60,12,10,25,32,53,32,24,0,0,6,8,16,10,6,13,11,0,0,0,0,0,0,0,0,8,0,14,
0,0,0,0,0,0,0,0,0,0,0,0,0,0,0,0,0,0]} 1. d4 d5 2. c4 dxc4 3. e3 Nf6 4. Bxc4 e6
5. Nf3 c5 6. O-O a6 7. b3 cxd4 8. Nxd4 Be7 9. Bb2 O-O {D27: Queen's Gambit
Accepted: Classical main line: 7 e4!? and 7 a4.} 10. Be2 b5 11. Nd2 Bb7 {
White is slightly better.} 12. a4 Nc6 {The position is equal.} 13. Bf3 Nd5 14.
axb5 Nxd4 15. Bxd4 {White wants to play b6.} axb5 16. Ne4 Nb4 {[#]} 17. Qe2
$146 ({Predecessor:} 17. Rc1 Rc8 18. Qe2 Qd7 19. h3 Bd5 20. Nc3 Bxb3 21. Qxb5
Qxb5 22. Nxb5 Bc2 23. Ra1 Nc6 24. Rfc1 {1/2-1/2 (24) Zemlyanov,S (2382)-Ilyin,
P (2386) ICCF email 2017}) 17... Bd5 18. Qxb5 Rb8 19. Qe2 Nc6 20. Bc3 Rxb3 {
[#] White must now prevent ...f5.} 21. Rfc1 h6 22. Nd2 Rxc3 23. Rxc3 Bf6 24.
Rca3 {Strongly threatening Rb1.} Bxa1 25. Rxa1 Ne5 26. Bxd5 Qxd5 27. Nf3 Nxf3+
28. Qxf3 Qxf3 29. gxf3 g5 30. Ra4 Kg7 {Weighted Error Value: White=0.05/
Black=0.02} 1/2-1/2

[Event "FIDE Chesscom Grand Swiss 2021"]
[Site "Riga"]
[Date "2021.10.29"]
[Round "3.9"]
[White "Wojtaszek, Radoslaw"]
[Black "Dreev, Aleksey"]
[Result "1/2-1/2"]
[WhiteElo "2691"]
[BlackElo "2635"]
[Annotator "TA"]
[PlyCount "79"]
[EventDate "2021.10.27"]
[EventType "swiss"]
[EventCountry "LAT"]
[Tiebreak "Cut1 Buchholz+Sonneborn-Berger (Swiss)"]
[SourceTitle "playchess.com"]
[Source "ChessBase"]
[SourceQuality "1"]

{[%evp 11,79,18,24,5,11,5,10,14,7,10,33,32,38,18,29,14,14,27,43,45,53,16,16,16,
16,18,16,14,28,25,67,14,16,0,51,25,54,7,30,28,35,27,31,21,41,0,55,58,51,50,57,
31,31,39,27,31,72,20,23,-2,0,0,-4,-24,0,-7,0,0,0,0]} 1. d4 Nf6 2. c4 e6 3. g3
d5 4. Bg2 dxc4 5. Nf3 Bb4+ 6. Bd2 a5 7. a3 {E04: Open Catalan: 5 Nf3.} Bxd2+ 8.
Nbxd2 b5 9. b3 cxb3 10. Qxb3 Ba6 11. O-O {[%mdl 1024] White has compensation.}
O-O 12. Rfc1 Nbd7 {[#]} 13. Qb2 $146 ({Predecessor:} 13. Ne1 Rc8 14. Nd3 Qe7
15. Qc3 b4 16. axb4 Bxd3 17. Qxd3 axb4 18. Ra7 Nb6 19. Rc6 {1/2-1/2 (53)
Suleymenov,A (2449)-Petrov,N (2555) Cheliabinsk 2021}) 13... Nd5 14. Nb3 Bb7
15. Nc5 Nxc5 16. Rxc5 c6 $1 17. Ne5 Qd6 18. Rac1 {[%cal Re5c6]} Rfc8 19. e3 Rc7
20. Qc2 Rac8 21. Qd2 (21. Bxd5 $14 exd5 22. Nd3) 21... Ra8 22. Qc2 Rac8 23. Be4
h6 24. Qd2 (24. a4 $5 {[%cal Re4d5]}) 24... Ra8 25. h4 Nf6 26. Bb1 (26. Bxc6
Bxc6 27. Rxc6 Rxc6 $17) 26... Qe7 27. Qd3 h5 28. a4 bxa4 (28... b4 $11) 29. Qd1
a3 30. Qa4 g6 31. Qxa3 Nd7 32. Nxd7 Rxd7 33. Be4 a4 34. R1c3 ({White should try
} 34. Ra1 $16) 34... Rdd8 35. f4 Ra7 36. R3c4 Rda8 37. Bc2 Ba6 38. Rxa4 {
[#] aiming for Rca5.The position is equal.} Bb5 39. Rxa7 Qxa7 40. Qxa7 {
Weighted Error Value: White=0.15/Black=0.11} 1/2-1/2

[Event "FIDE Chesscom Grand Swiss 2021"]
[Site "Riga"]
[Date "2021.10.29"]
[Round "3.10"]
[White "Ponomariov, Ruslan"]
[Black "Korobov, Anton"]
[Result "1/2-1/2"]
[WhiteElo "2631"]
[BlackElo "2690"]
[Annotator "TA"]
[PlyCount "71"]
[EventDate "2021.10.27"]
[EventType "swiss"]
[EventCountry "LAT"]
[Tiebreak "Cut1 Buchholz+Sonneborn-Berger (Swiss)"]
[SourceTitle "playchess.com"]
[Source "ChessBase"]
[SourceQuality "1"]

{[%evp 11,71,39,39,39,40,39,41,41,39,39,39,34,78,73,106,100,95,77,85,74,80,79,
89,75,93,91,81,77,129,108,104,54,49,33,40,31,35,35,30,43,42,0,0,0,0,6,6,6,23,6,
17,8,8,8,8,8,4,0,0,0,0,0]} 1. e4 c5 2. Nf3 d6 3. Bb5+ Nd7 4. O-O Ngf6 5. Re1 a6
6. Bf1 e5 7. c3 {B51: Sicilian: Moscow Variation (3 Bb5+) without 3...Bd7.} Be7
8. d4 O-O 9. d5 {White is slightly better.} b5 {[#]} 10. a4 $146 {[%cal Ba2a4,
Ba4b5][%mdl 32]} ({Predecessor:} 10. b3 Nb6 11. Na3 Bg4 12. h3 Bh5 13. Bd3 Bg6
14. c4 b4 15. Nb1 Qd7 16. Nbd2 {0-1 (41) Serpetsidaki,E (1493)-Moshou,A (1651)
Thessaloniki 2014}) 10... Rb8 11. b3 c4 12. axb5 cxb3 {[#]} 13. c4 $1 ({
Much weaker is} 13. Qxb3 $6 Nc5 $11) 13... Nc5 14. Nbd2 Qb6 {Black wants to
play ...Ng4.} 15. Ba3 {Threatens to win with Bxc5.} Ng4 {aiming for ...Nxf2!}
16. Qe2 axb5 17. cxb5 {Strongly threatening Bxc5.} Bd7 18. h3 Nf6 {[#]} 19. Qe3
$1 {Nc4 is the strong threat.} Rfc8 (19... Bxb5 $142 20. Bxb5 Qxb5) 20. Bxc5
$16 Qxc5 21. Qxc5 ({Of course not} 21. Nxb3 $6 Qxe3 22. Rxe3 Bxb5 $11) (21.
Qxb3 {with more complications.} Rb7 22. Reb1 g6 23. Qd1 Qc7 24. Bd3) 21... Rxc5
22. Nxb3 Rcc8 23. Na5 {And now Nc6 would win.} Bxb5 24. Bxb5 Rxb5 25. Nc6 Rb7
26. Reb1 (26. Rec1 {feels hotter.} Kf8 27. Nd2 g6 28. Rc4 Rcc7 29. f3) 26...
Rxb1+ 27. Rxb1 Bf8 28. Nd2 Ra8 29. f3 Nd7 30. Nc4 Nc5 {The position is equal.}
31. Rb8 Rxb8 32. Nxb8 g6 33. g4 f5 34. gxf5 gxf5 35. exf5 Kf7 36. Kf2 {
Weighted Error Value: White=0.06/Black=0.07} 1/2-1/2

[Event "FIDE Chesscom Grand Swiss 2021"]
[Site "Riga"]
[Date "2021.10.29"]
[Round "3.11"]
[White "Kryvoruchko, Yuriy"]
[Black "Keymer, Vincent"]
[Result "1/2-1/2"]
[WhiteElo "2686"]
[BlackElo "2630"]
[Annotator "TA"]
[PlyCount "81"]
[EventDate "2021.10.27"]
[EventType "swiss"]
[EventCountry "LAT"]
[Tiebreak "Cut1 Buchholz+Sonneborn-Berger (Swiss)"]
[SourceTitle "playchess.com"]
[Source "ChessBase"]
[SourceQuality "1"]

{[%evp 9,81,0,6,-19,26,24,41,34,35,20,21,12,20,10,7,7,12,0,0,0,0,0,0,0,0,0,0,0,
0,0,0,-5,-9,-7,0,-13,-14,-13,0,0,0,0,0,0,0,-73,-73,-73,-73,-83,-83,-96,-87,
-112,-112,-112,-112,-127,-127,-139,-112,-112,-112,-124,-112,-141,-141,-141,
-141,-141,-141,-141,-112,-112]} 1. e4 c6 2. Nf3 d5 3. d3 dxe4 4. dxe4 Qxd1+ 5.
Kxd1 Nd7 6. Nbd2 {B10: Caro-Kann: 2 d3 and 2 c4.} Nc5 7. Ne5 Nf6 {[#]} 8. f3
$146 {White is slightly better.} ({Predecessor:} 8. Bc4 e6 9. f3 b5 10. Be2 Bb7
11. c3 Bd6 12. Nd3 Nfd7 13. Nxc5 Nxc5 14. Nb3 Nxb3 15. axb3 {0-1 (43) Fantinel,
T (2380)-Anton Guijarro,D (2673) Chalons en Champagne 2021}) 8... Nfd7 9. Nec4
e5 10. Nb3 f6 11. c3 Kd8 12. Kc2 Kc7 13. Nxc5 Nxc5 14. b4 Na4 15. Be2 Be6 16.
a3 Be7 17. Be3 Rhd8 18. Rhd1 a6 19. Rxd8 Rxd8 20. Nb2 Nxb2 21. Kxb2 c5 22. Rd1
Rxd1 23. Bxd1 $11 {[%mdl 4096] Endgame KBB-KBB} Bc4 24. bxc5 Kc6 25. Ba4+ Bb5
26. Bb3 {[#] Hoping for c4.} Bxc5 27. c4 Bxe3 $17 28. cxb5+ Kxb5 {KB-KB} 29. h4
Kc5 30. h5 Kd4 31. Bg8 h6 32. Be6 b5 33. Kb3 Bd2 34. a4 Ke3 35. axb5 axb5 36.
Bf5 Kf4 37. g4 Kxf3 38. Kc2 Be1 39. Kb3 Ke3 40. Bg6 b4 41. Bf5 {Weighted Error
Value: White=0.09/Black=0.04} 1/2-1/2

[Event "FIDE Chesscom Grand Swiss 2021"]
[Site "Riga"]
[Date "2021.10.29"]
[Round "3.12"]
[White "Hovhannisyan, Robert"]
[Black "Sjugirov, Sanan"]
[Result "1-0"]
[WhiteElo "2622"]
[BlackElo "2663"]
[Annotator "TA"]
[PlyCount "95"]
[EventDate "2021.10.27"]
[EventType "swiss"]
[EventCountry "LAT"]
[Tiebreak "Cut1 Buchholz+Sonneborn-Berger (Swiss)"]
[SourceTitle "playchess.com"]
[Source "ChessBase"]
[SourceQuality "1"]

{[%evp 17,95,22,39,7,18,0,0,0,29,-4,57,14,17,14,23,3,19,0,0,0,50,63,82,81,75,
77,70,81,102,96,102,102,97,98,97,104,98,111,112,113,104,124,248,249,242,244,
250,245,237,235,274,262,271,270,268,261,246,256,241,194,229,212,188,0,228,220,
208,216,260,260,237,246,270,247,550,549,519,520,456,447]} 1. e4 e5 2. Nf3 Nc6
3. Bb5 a6 4. Ba4 Nf6 5. O-O Bc5 6. c3 b5 7. Bb3 d6 8. d4 Bb6 9. a4 Rb8 10. a5 {
C78: Ruy Lopez: Archangelsk and Möller Defences.} Ba7 (10... Bxa5 $2 11. dxe5 (
11. d5 Ne7 $18) 11... dxe5 12. Qxd8+ Kxd8 13. Bd5 $18 (13. Bxf7 Bb6 $16)) 11.
Be3 Bg4 12. Nbd2 {The position is equal.} O-O 13. h3 Bh5 ({Black should try} 
13... exd4 $11 14. cxd4 Bc8) 14. Qe1 exd4 15. Nxd4 Nxd4 16. cxd4 {[#]} Re8 $146
({Predecessor:} 16... Bg6 17. e5 dxe5 18. dxe5 Bxe3 19. Qxe3 Nd5 20. Bxd5 Qxd5
21. Rfc1 Rbd8 22. Nf1 Rfe8 {1-0 (47) Narayanan,S (2525)-Jeet,J (2169) Kolkata
2018}) 17. f3 $36 {[%mdl 2048] White has the initiative.} c5 18. dxc5 Bxc5 19.
Qf2 Bg6 20. Rfd1 (20. Bxc5 dxc5 21. Rfd1 Qc7 $15) 20... Qe7 21. Nf1 Rbc8 22.
Bd4 Nh5 23. Ne3 Nf4 24. Nd5 Nxd5 25. Bxd5 Kh8 26. Rac1 f5 27. Bxc5 Rxc5 28.
exf5 Bxf5 29. Qd2 Rec8 (29... h6 $16 {is a better defense.}) 30. Rxc5 $18 dxc5
{[#]} 31. Bb7 $1 {[%cal Rb7c8][%mdl 512]} Rb8 {[#]} (31... Qxb7 32. Qd8+ $3 {
[%mdl 512]} Rxd8 33. Rxd8#) 32. Qd6 $1 Qxd6 (32... Qxb7 33. Qd8+ $3 {[%mdl 512]
} Rxd8 34. Rxd8#) 33. Rxd6 {[%mdl 4096] Endgame KRB-KRB} h6 34. Bxa6 Ra8 35.
Kf2 (35. Bxb5 $6 Rxa5 36. Bc4 g6 $16) 35... Kg8 36. Ke3 (36. Bxb5 $6 Rxa5 37.
Bc4+ Kf8 $18) 36... Kf7 37. Kf4 (37. Bxb5 Rxa5 38. Bc4+ Ke7) 37... Be6 38. Rb6
{Strongly threatening Ke5.} ({But not} 38. Bxb5 $6 Rxa5 39. Rb6 c4 $16) 38...
Ba2 39. Rb7+ Kf6 40. Rb6+ ({And not} 40. Rxb5 Rxa6 41. Rxc5 Ke6 $11) (40. Bxb5
$18 g5+ 41. Ke4 Rxa5 42. Rb6+ Kg7 43. Ke5) 40... Ke7 $2 (40... Kf7 $1 $11 {
and Black is okay.}) 41. Bxb5 {a6 is the strong threat.} Rxa5 {[#]} 42. Ke5 $1
Bb3 43. Rb7+ Kf8 44. Bc6 c4+ 45. Bd5 Ra2 $2 (45... Ke8 {is tougher.} 46. f4 (
46. Rxg7 Rxd5+ 47. Kxd5 c3+ 48. Kd6 cxb2 $11) 46... g6) 46. Rf7+ {White is
clearly winning.} Ke8 47. Rxg7 Ra5 48. Rb7 {Weighted Error Value: White=0.10/
Black=0.33} 1-0

[Event "FIDE Chesscom Grand Swiss 2021"]
[Site "Riga"]
[Date "2021.10.29"]
[Round "3.13"]
[White "Ponkratov, Pavel"]
[Black "Kollars, Dmitrij"]
[Result "1-0"]
[WhiteElo "2659"]
[BlackElo "2621"]
[Annotator "TA"]
[PlyCount "133"]
[EventDate "2021.10.27"]
[EventType "swiss"]
[EventCountry "LAT"]
[Tiebreak "Cut1 Buchholz+Sonneborn-Berger (Swiss)"]
[SourceTitle "playchess.com"]
[Source "ChessBase"]
[SourceQuality "1"]

{[%evp 19,133,6,8,0,0,2,19,0,0,0,0,0,0,0,0,0,0,0,0,7,0,0,0,0,0,0,0,0,0,0,0,-8,
0,-33,-18,-14,0,0,38,-5,12,0,0,0,0,0,0,0,0,0,0,0,0,0,0,0,0,0,0,0,0,0,0,0,0,0,0,
0,31,38,32,20,25,14,14,14,7,10,7,7,7,-25,49,54,50,46,99,96,114,117,116,120,128,
127,180,178,170,124,441,441,437,438,437,433,433,433,433,433,429,429,585,419,
763,737,679,669]} 1. e4 e5 2. Nf3 Nc6 3. Bb5 a6 4. Ba4 Nf6 5. O-O Be7 6. Re1 b5
7. Bb3 d6 8. c3 O-O 9. d4 Bg4 10. Be3 Bh5 11. h3 {C91: Closed Ruy Lopez: 7...
d6 8 c3 0-0 9 d4.} exd4 (11... Nxe4 $2 12. Bd5 $18) 12. cxd4 Na5 {The main
line 12...Na5 scores better than 12...d5.} (12... Nxe4 $2 13. Bd5 $18) 13. Bc2
{The position is equal.} Nc4 14. Bc1 d5 15. e5 Ne4 16. Nc3 Nxc3 17. bxc3 a5 18.
Bf5 Ra6 19. Qd3 Bg6 20. Bxg6 Rxg6 21. Nd2 {[#]} Qd7 $146 ({Predecessor:} 21...
Rc6 22. Nxc4 Rxc4 23. Rb1 Qd7 24. Bd2 b4 25. Re3 Qe6 26. Rg3 bxc3 27. Bxc3 Bb4
28. Bxb4 axb4 {0-1 (60) Gomez Dieguez,D (2297)-Arizmendi Martinez,J (2488)
Toledo 2021}) 22. Re2 c5 23. Nb3 cxd4 24. Nxd4 Bc5 25. Kh2 Re8 26. Bf4 (26. Nf3
{keeps more tension.} h6 27. Bf4 a4 28. Bg3 a3 29. Rd1) 26... Bxd4 27. Qxd4
Rge6 28. Rd1 Rd8 29. Ree1 Qe8 30. Bg3 f6 {[%cal Rf6e5]} 31. f4 {Threatening
exf6.} fxe5 32. fxe5 Qc6 33. Rd3 h6 34. Rf1 Rde8 {[%cal Rc4e5]} 35. Re1 (35.
Qxd5 $2 Qxd5 36. Rxd5 Ne3 $19) 35... Rd8 36. Re2 a4 37. Re1 Rd7 38. Rf3 Rde7
39. Rf5 Re8 40. Rb1 R6e7 41. Rbf1 Re6 42. Bf4 Qd7 43. Rf3 Na5 44. Rg3 Nc6 45.
Qd2 Rf8 46. Rh5 {[%cal Rf4h6] Strongly threatening Bxh6.} Kh7 47. Qd3+ Kh8 48.
Rf5 Rxf5 49. Qxf5 {Black must now prevent Bxh6!} Qe8 50. Rd3 (50. Re3 {feels
hotter.} Kg8 51. Qd3 Ne7 52. Bg3 Qc6 53. Re2) 50... Qg8 ({Reject} 50... Nxe5 $6
51. Rxd5 Ng6 52. Bc7 $14) ({Black should try} 50... g6 $11 51. Qg4 Nxe5 52.
Bxe5+ Rxe5) 51. Rd2 $14 ({And not} 51. Rxd5 Ne7 $17) 51... Ne7 52. Qd3 $36 {
[%mdl 2048] White fights for an advantage.} Rb6 (52... Qf7 $14 53. Bg3 Rb6) 53.
Be3 $16 Rb8 54. Bc5 Qe6 55. Bd6 Rb7 56. Rf2 Ng6 (56... Kg8 $16 {was worth a
try.} 57. g4 Rb6) 57. Qf5 $1 $18 {[%cal Rf5e6]} Qxf5 58. Rxf5 {[%mdl 4096]
Endgame KRB-KRN} d4 $2 {[%mdl 8192] Black cannot hold the game after this.} (
58... Rd7 $16) 59. cxd4 b4 60. e6 b3 61. axb3 axb3 {...b2 is the strong threat.
} 62. Rf1 b2 63. Rb1 Kg8 64. d5 {[%cal Bd4d5,Bd5d6][%mdl 32]} Rb3 65. e7 Re3 {
[#]} ({Not} 65... Kf7 $2 66. Rf1+ Kg8 67. e8=Q+ $18) (65... Nxe7 $142 66. Bxe7
h5) 66. Bc5 $1 Re5 {[#]} 67. d6 $1 {[%cal Rd6d7] Weighted Error Value: White=0.
04/Black=0.17} 1-0

[Event "FIDE Chesscom Grand Swiss 2021"]
[Site "Riga"]
[Date "2021.10.29"]
[Round "3.14"]
[White "Brkic, Ante"]
[Black "Shirov, Alexei"]
[Result "1/2-1/2"]
[WhiteElo "2621"]
[BlackElo "2659"]
[Annotator "TA"]
[PlyCount "115"]
[EventDate "2021.10.27"]
[EventType "swiss"]
[EventCountry "LAT"]
[Tiebreak "Cut1 Buchholz+Sonneborn-Berger (Swiss)"]
[SourceTitle "playchess.com"]
[Source "ChessBase"]
[SourceQuality "1"]

{[%evp 30,115,26,25,29,19,27,25,26,29,24,23,33,47,46,0,51,8,38,0,0,-30,-31,-37,
0,0,0,0,15,6,18,19,25,0,29,9,58,50,95,102,156,31,155,106,348,260,233,124,116,
74,74,96,104,110,95,98,97,89,94,96,85,76,87,62,152,179,174,156,145,144,139,140,
149,113,93,94,95,0,84,0,0,0,0,0,0,0,0,0]} 1. e4 e5 2. Nf3 Nc6 3. Bb5 a6 4. Ba4
Nf6 5. O-O Be7 6. Re1 b5 7. Bb3 d6 8. c3 O-O 9. h3 Bb7 10. d4 Re8 11. Nbd2 Bf8
12. a3 h6 13. Bc2 Nb8 14. b3 Nbd7 15. Bb2 g6 16. a4 Bg7 {C93: Closed Ruy Lopez:
Smyslov Variation.} 17. Bd3 c6 18. Qc2 Nh5 {White has an edge.} 19. Bf1 Nf4 20.
b4 Nb6 21. axb5 cxb5 {[#]} 22. g3 $146 ({Predecessor:} 22. dxe5 dxe5 23. c4
bxc4 24. Nxc4 Nxc4 25. Bxc4 Re7 26. Ra5 Qd6 27. Qb3 Rc8 28. Rd1 {1-0 (49) Chen,
Q (2415)-Xu,M (2332) Daqing 2018}) 22... exd4 (22... Ne6 $11) 23. cxd4 Rc8 24.
Qb3 (24. Qb1 $5 {[%cal Rg3f4]} Nh5 25. d5 $11) 24... d5 {[%cal Rd5e4]} 25. e5
Ne6 26. Rab1 Nc4 27. Qd3 Nxb2 28. Rxb2 Qe7 29. h4 Rc4 30. Reb1 $1 ({Don't play
} 30. Nxc4 dxc4 31. Qe3 Bxf3 $17) 30... Rec8 31. Rb3 ({Much worse is} 31. Nxc4
dxc4 32. Qe3 Bxf3 $17) 31... Rc1 32. Qe3 R8c2 33. Ne1 Rxb1 34. Nxc2 Rd1 (34...
Rc1 $142 35. Rb2 Qc7) 35. Rc3 (35. Nf3 $16) 35... g5 (35... a5 $1 $14) 36. h5
f6 $2 {[#]} (36... a5 $16 {was necessary.}) 37. Qe2 Rxf1+ 38. Nxf1 (38. Kxf1
$18 {Threatens to win with exf6.} fxe5 39. dxe5) 38... fxe5 $16 39. dxe5 d4 40.
Rd3 Qd7 41. Nh2 Qd5 {[%csl Gb7][%cal Rd5h1] [#]} 42. f3 {Hoping for Ng4.} ({
Of course not} 42. Nf3 $6 g4 $11) 42... Qxe5 43. Qxe5 Bxe5 44. Ng4 Bg7 45. Kf2
Bd5 46. Ra3 Bc4 (46... Nc7 $1 $14) 47. Rxa6 {Na3 is the strong threat.} d3 48.
Nce3 d2 49. Kg2 Kf8 50. Nf2 Nd4 51. Ra8+ Kf7 52. Ra7+ Kf8 53. Ra8+ Kf7 54. Ne4
({White should try} 54. Nf1 $16) 54... Nf5 $11 {The position is equal.} 55.
Ra7+ Kf8 56. Ra8+ Kf7 57. Ra7+ Kf8 58. Ra8+ {White really could win this. 
Weighted Error Value: White=0.22/Black=0.19} 1/2-1/2

[Event "FIDE Chesscom Grand Swiss 2021"]
[Site "Riga"]
[Date "2021.10.29"]
[Round "3.15"]
[White "Praggnanandhaa R"]
[Black "Howell, David W L"]
[Result "1/2-1/2"]
[WhiteElo "2618"]
[BlackElo "2658"]
[Annotator "TA"]
[PlyCount "91"]
[EventDate "2021.10.27"]
[EventType "swiss"]
[EventCountry "LAT"]
[Tiebreak "Cut1 Buchholz+Sonneborn-Berger (Swiss)"]
[SourceTitle "playchess.com"]
[Source "ChessBase"]
[SourceQuality "1"]

{[%evp 12,91,8,9,20,21,15,10,27,26,30,15,22,13,13,13,16,10,14,13,25,16,22,12,
26,31,30,28,30,35,22,29,33,21,28,1,14,17,23,10,23,-44,-36,-75,-79,-67,-67,-68,
-72,-75,-75,-76,-55,-55,-55,-55,0,0,0,-55,-16,-26,0,0,0,0,0,0,0,0,0,0,95,10,4,
0,0,0,17,0,0,0]} 1. e4 e5 2. Nf3 Nc6 3. Bc4 Nf6 4. d3 Be7 5. Nc3 d6 6. a3 O-O
7. O-O h6 {C55: Two Knights: 4 d3, 4 d4 exd4 5 e5 and Max Lange Attack.} 8. h3
Be6 $1 {8...Be6 scores better than 8...a6.} 9. Nd5 Qd7 10. Re1 Rae8 {[#]} 11.
b4 $146 ({Predecessor:} 11. c3 Bd8 12. Ba2 Bxd5 13. exd5 Ne7 14. c4 Nf5 15. b4
e4 16. dxe4 Nxe4 17. Bb2 {1/2-1/2 (29) Hoynck van Papendrecht,F (2120)-Sanchez
Romero,M ICCF email 2016}) 11... Bd8 12. Nxf6+ Bxf6 13. Bxe6 Rxe6 14. c4 a6 15.
Bb2 g6 16. Rc1 Bg7 17. b5 axb5 18. cxb5 Nd8 {[%cal Bc6d8,Bd8e6,Be6c5][%mdl 32]}
19. a4 Re7 20. d4 exd4 21. Bxd4 Ne6 22. Bxg7 Kxg7 23. Qd5 Nc5 24. e5 b6 25.
Red1 Rd8 26. exd6 (26. Qa2 $11) 26... Qxd6 $15 27. Qc4 Qxd1+ 28. Rxd1 Rxd1+ 29.
Kh2 Ne4 $1 {[%cal Re4f2]} 30. Qb4 Rd6 31. Qb2+ Kh7 32. Nd4 {[#]} Nd2 $1 33. Qc3
{[#]} Nb1 ({Black should play} 33... h5 $1 $15) 34. Qb2 $11 Nd2 35. Qc3 $1 $15
({But not} 35. Qxd2 Red7 $17) 35... Red7 36. Nc6 Nf1+ 37. Kg1 Rd1 38. g4 Ng3+ (
38... R7d3 $5 39. Qf6 $8 Nd2+ 40. Kg2 Nf3 41. Qxf7+ {[%mdl 64] Double Attack}
Kh8 42. Qf6+ Kh7 43. Qf7+ Kh8 44. Qf8+ Kh7 45. Qf7+ $11) 39. Kg2 $1 Ne4 40. Qe5
Ng5 {aiming for ...Rg1+!} 41. Qe8 {Ne5 is the strong threat.} Ne6 (41... Kg7 $1
$11) 42. Ne5 (42. Ne7 $16 Rxe7 43. Qxe7) 42... Ng7 $11 {The position is equal.}
43. Qf8 Ne6 44. Qe8 Ng7 45. Qf8 Ne6 46. Qe8 {Weighted Error Value: White=0.11/
Black=0.09} 1/2-1/2

[Event "FIDE Chesscom Grand Swiss 2021"]
[Site "Riga"]
[Date "2021.10.29"]
[Round "3.16"]
[White "Henriquez Villagra, Cristobal"]
[Black "Najer, Evgeniy"]
[Result "0-1"]
[WhiteElo "2608"]
[BlackElo "2654"]
[Annotator "TA"]
[PlyCount "170"]
[EventDate "2021.10.27"]
[EventType "swiss"]
[EventCountry "LAT"]
[Tiebreak "Cut1 Buchholz+Sonneborn-Berger (Swiss)"]
[SourceTitle "playchess.com"]
[Source "ChessBase"]
[SourceQuality "1"]

{[%evp 19,170,4,15,0,0,0,0,-22,8,22,11,14,22,20,27,14,31,0,0,0,8,0,4,-25,-22,
-41,-32,-54,-39,-36,-56,-41,-44,-41,-29,-29,-27,-35,-47,-39,-37,-42,-40,-103,
-84,-97,-103,-125,-125,-133,-116,-111,-108,-232,-81,-62,-58,-71,0,-47,-36,-51,
0,0,0,0,0,0,0,-15,-23,-23,0,0,0,0,0,0,0,0,0,-60,-66,-61,0,0,0,0,0,0,0,0,0,-22,
-22,-22,-22,-27,0,0,0,0,0,0,0,-10,-19,-33,0,-43,-49,-99,-81,-360,-360,-351,
-304,-322,-298,-483,-488,-458,-452,-371,-166,-168,-159,-173,-126,-274,-260,
-235,-200,-341,-304,-693,-614,-1561,-1688,-12839,-12839,-12837,-12727,-12842,
-12842,-12843,-12843,-12843,-12843,-12844,-12844,-12845,-12846]} 1. b3 d5 2.
Bb2 Bf5 3. Nf3 e6 4. g3 h6 5. Bg2 Nf6 6. O-O Be7 7. d3 O-O 8. Nbd2 a5 9. a4 c6
10. e3 Na6 {[%cal Bb8a6,Ba6b4,Bb4a2][%mdl 32]} 11. Nd4 {A07: Réti Opening: New
York and Capablanca Systems.} Bh7 12. f4 Nb4 {[#]} 13. Bh3 $146 {The position
is equal.} ({Predecessor:} 13. Kh1 Nd7 14. e4 Bf6 15. e5 Be7 16. Bh3 c5 17. Nb5
Nb6 18. Nf3 Qd7 19. Qe2 {1/2-1/2 (64) Novak,I-Cibulka,V Stary Smokovec 1972})
13... c5 14. Nb5 Rc8 15. Rc1 Na2 16. Rb1 Nb4 17. Rf2 Ne8 18. Na7 Ra8 19. Nb5
Bf6 20. Bxf6 Nxf6 21. Nf3 c4 22. Ne5 cxd3 23. cxd3 Nd7 24. Nxd7 Qxd7 25. Rd2
Rac8 26. Qe2 Rc5 27. Rbd1 Qc6 28. g4 Rc1 29. f5 exf5 30. gxf5 Re8 31. Nd4 ({
White should play} 31. e4 $15) 31... Qc7 32. Rxc1 Qxc1+ 33. Kf2 Qc7 34. Kg2 Kh8
35. Bg4 Qe5 36. Qd1 (36. Qf3 $17) 36... Qf6 $2 ({Stronger than} 36... Qxe3 37.
Re2 $1 $16) (36... h5 $19 {has better winning chances.} 37. Bxh5 Qxe3) 37. Qf3
$17 Qg5 38. Kf2 Qf6 (38... Rc8 $17) 39. Qf4 Rc8 40. Be2 g5 (40... Rc3 $15) 41.
fxg6 $1 $11 Qxf4+ 42. exf4 Bxg6 43. Rd1 Kg7 44. h3 Kf6 45. Ke3 b6 46. Kd2 Rc5
47. Rf1 Bf5 48. Rg1 Nc6 49. Nxc6 Rxc6 {[%mdl 4096] Endgame KRB-KRB} 50. h4 (50.
Rb1 $11) 50... d4 $15 51. b4 Rc3 (51... axb4 $15 52. Rb1 Rd6) 52. bxa5 $11 bxa5
53. Rb1 Ra3 54. Rb6+ $1 Be6 55. Bg4 $1 Rxa4 56. h5 Ra2+ 57. Ke1 $1 Rg2 58. Bf3
Rh2 (58... Rc2 {feels hotter.} 59. Be4 Ke7 60. f5 Bc8 61. f6+ Kd7) 59. Be4 Ke7
60. f5 Bd7 61. f6+ Kd8 62. Bg6 Rc2 ({Not} 62... fxg6 $2 63. hxg6 Rh1+ 64. Kf2
$18) 63. Ra6 Be8 64. Bf5 {Hoping for Ra8+.} (64. Be4 {looks sharper.} a4 65.
Kd1 Rc5 66. Ra8+ Kd7 67. Bf3) 64... Rc5 65. Bg4 Re5+ 66. Kf2 $2 {[%mdl 8192]} (
66. Kd2 $17) 66... Kc7 $19 67. Kg3 a4 68. Kf4 Re1 {aiming for ...Kb7.} 69. Bf3
$2 {[#]} (69. Bh3 {keeps fighting.} Re3 70. Bf5) 69... Re6 $1 {[%cal Re6a6]}
70. Ra7+ Kb6 71. Rb7+ Ka6 (71... Kc5 $142 72. Kf5 Re1) 72. Kf5 Re3 $1 {[%csl
LRd3,LRf3]} 73. Bd5 Rxd3 74. Ke4 (74. Re7 $17 {is a better defense.} Re3 75.
Be4) 74... Rd1 75. Rb8 {[#]} Ka5 $1 76. Bc4 (76. Rb7 {was necessary.}) 76...
Bc6+ 77. Ke5 $2 (77. Kf4 d3 78. Ke3) 77... d3 {And now ...d2 would win.Black
is clearly winning.} 78. Kd6 {[#]} d2 $1 79. Kxc6 {KRB-KR} (79. Rb2 a3) 79...
Rc1 80. Rb5+ Ka6 81. Rb6+ Ka7 82. Rb7+ Ka8 83. Rd7 d1=Q (83... Rxc4+ $2 84. Kb5
$19) 84. Rxd1 Rxd1 85. Bxf7 Rf1 {Weighted Error Value: White=0.12/Black=0.10}
0-1